000 01857cam a22004574i 4500
003 PE-LiUPU
005 20250731173033.0
008 150623s r 000 0 d
020 _a0801011221
035 _a(Sirsi) i9780801011221
040 _aPE-LiUPU
_bspa
_cPE-LiUPU
_erda
049 _aPRUA
082 0 4 _a252
_bG37
_221
100 1 _aSmith, Wilbur M.,
_eed.,
_eautor.
245 1 0 _aGreat sernons on the Birth, death, and resurrection of Christ :
_bJesus' Birth /
_ceditado por Wilbur M. Smith.
264 1 _aGrand Rapids, MI :
_bBaker Books,
_c1996.
300 _a289 páginas ;
_c20 centímetros
336 _atext
_2rdacontent
337 _aunmediated
_2rdamedia
338 _avolume
_2rdacarrier
504 _aBibliografía al final de algunos artículos.
505 0 _aA christmas question. -The name of Jesus. -Born of a virgin. -Why men inquire about Christ. -"That Holy thing". -Mary, our model in praising God. -Sermon on the afternoon of christmas day. -The sign to the shepherds. -Results of Christ's first coming. -The sign and the sword. -Jesus: from babyhood to boyhood. -The word became flesh. -The preparation of the world for Christ. -The night before christmas.
526 _aSEG42
526 _aSEG41
526 _aSEG40
526 _aSEG39
526 _aP94
526 _aP87
526 _aP86
526 _aP85
526 _aP77
526 _aP76
526 _aP35
650 0 4 _aSermones.
942 _2ddc
_cBOOK
949 _a252 G37
_wDEWEY
_c1
_i48211
_lCCODEBUL1
_mBUL
_r0
_sY
_tBOOK
_u2015-6-24
_xTEOLOGIA
_PP35
_0COMPRA
_o.STAFF. Colección General
994 _aC0
_bPEPRU
596 _a1
999 _a252 G37
_wDEWEY
_c25185
_i48211
_f2022-4-21
_g5
_lCCODEBUL1
_mBUL
_r1
_sY
_tBOOK
_u2015-6-24
_xTEOLOGIA
_PP35
_0COMPRA
_o.STAFF. Colección General
_d25185
980 _81
_gALBERTO SANCHEZ Responsable de Automatización